| 000 -LEADER |
| fixed length control field |
01340 a2200289 4500 |
| 003 - CONTROL NUMBER IDENTIFIER |
| control field |
Nust |
| 005 - DATE AND TIME OF LATEST TRANSACTION |
| control field |
20170207154048.0 |
| 035 ## - SYSTEM CONTROL NUMBER |
| System control number |
(CaPaEBR)ebr10062748 |
| 040 ## - CATALOGING SOURCE |
| Transcribing agency |
Nust |
| 082 04 - DEWEY DECIMAL CLASSIFICATION NUMBER |
| Classification number |
910 |
| 100 ## - MAIN ENTRY--PERSONAL NAME |
| Personal name |
Ian Douglas, Richard Huggett and Mike Robinson. |
| 245 00 - TITLE STATEMENT |
| Title |
Companion encyclopedia of geography (E-Book) |
| Medium |
[Elektronisk resurs] |
| Remainder of title |
the environment and humankind / |
| Statement of responsibility, etc. |
Ian Douglas, Richard Huggett and Mike Robinson. |
| 260 ## - PUBLICATION, DISTRIBUTION, ETC. |
| Place of publication, distribution, etc. |
London : |
| Name of publisher, distributor, etc. |
Routledge, |
| Date of publication, distribution, etc. |
1996. |
| 300 ## - PHYSICAL DESCRIPTION |
| Extent |
xxviii, 1021 p. : |
| Other physical details |
ill., maps. |
| 505 ## - FORMATTED CONTENTS NOTE |
| Formatted contents note |
Part I: A Differentiated World (Page-8), Part II: A World Transformed By The Growth Of A Global Economy (Page-155), Part III: The Global Scale Of Habitat Modification (Page-327), Part IV: A World Of Questions (Page-477), Part V: Changing Worlds, Changing Geographies (Page-790). |
| 650 #0 - SUBJECT ADDED ENTRY--TOPICAL TERM |
| Topical term or geographic name entry element |
Earth sciences. |
| 650 #0 - SUBJECT ADDED ENTRY--TOPICAL TERM |
| Topical term or geographic name entry element |
Geography. |
| 651 ## - SUBJECT ADDED ENTRY--GEOGRAPHIC NAME |
| Geographic name |
(E-Book) |
| 655 #7 - INDEX TERM--GENRE/FORM |
| Genre/form data or focus term |
Electronic books. |
| 700 1# - ADDED ENTRY--PERSONAL NAME |
| Personal name |
Douglas, Ian, |
| Dates associated with a name |
1936- |
| 700 1# - ADDED ENTRY--PERSONAL NAME |
| Personal name |
Huggett, Richard J. |
| 700 1# - ADDED ENTRY--PERSONAL NAME |
| Personal name |
Robinson, Mike. |
| 710 2# - ADDED ENTRY--CORPORATE NAME |
| Corporate name or jurisdiction name as entry element |
ebrary, Inc. |
| 856 40 - ELECTRONIC LOCATION AND ACCESS |
| Uniform Resource Identifier |
<a href="http://site.ebrary.com/lib/kristianstad/Doc?id=10062748">http://site.ebrary.com/lib/kristianstad/Doc?id=10062748</a> |
| 856 40 - ELECTRONIC LOCATION AND ACCESS |
| Uniform Resource Identifier |
<a href="http://webproxy.student.hig.se:2048/login?url=http://site.ebrary.com/lib/gavlebiblioteket/Doc?id=10062748">http://webproxy.student.hig.se:2048/login?url=http://site.ebrary.com/lib/gavlebiblioteket/Doc?id=10062748</a> |
| 856 40 - ELECTRONIC LOCATION AND ACCESS |
| Uniform Resource Identifier |
<a href="https://persefone.his.se/login?url=http://site.ebrary.com/lib/hiskovde/Doc?id=10062748">https://persefone.his.se/login?url=http://site.ebrary.com/lib/hiskovde/Doc?id=10062748</a> |
| 942 ## - ADDED ENTRY ELEMENTS (KOHA) |
| Source of classification or shelving scheme |
|
| Koha item type |
Book |